PIŁKA NOŻNA QUIZ DLA KOLEGI IGNACEGO - Statystyki

Ogólne statystyki
  • Ten quiz został rozwiązany 5 078 razy
  • Średni wynik to 10 z 15
Statystyki odpowiedzi
Zagadnienie Odpowiedź % Poprawnych
KTÓRY KLUB Z PODANYCH WYGRAŁ LIGĘ MISTRZÓW , CHOĆ LIVERPOOL
96%
KTÓRY PIŁKARZ NIE POCHODZI Z HISZPANII SERGE GNABRY
93%
KTÓRY POLSKI PIŁKARZE MIELI/MAJĄ EPIZOD WE FRANCJI GRZEGORZ KRYCHOWIAK I MARCIN BUŁKA
92%
KTO ZGARNĄŁ NAGRODĘ ''NAJLEPSZEGO MŁODEGO PIŁKARZA'' NA MŚ 2018 KYLLIAN MBAPPE
92%
KTO PRZERWAŁ DOMINACJĘ L.MESSIEGO I C.RONALDO W ZDOBYWANIU ZŁOTEJ PIŁKI LUKA MODRIC
92%
KTÓRY SKRÓT PIŁKARZA JEST PRAWDZIWY RL9
92%
GDZIE ODBĘDA SIĘ MŚ W 2022 W KATARZE
92%
JAKIE JEST TOP 5 NAJLEPSZYCH LIG NA ŚWIECIE BUNDESLIGA,LA LIGA,PREMIER LEAGUE ,LIGUE 1,SERIE A
91%
JAKI JAPOŃSKI PIŁKARZ NIEDAWNO ZASILIŁ SZEREGI LIVERPOOLU TAKUMI MINAMINO
71%
KTO WYGRAŁ LIGĘ NARODÓW 2018/2019 PORTUGALIA
69%
JAKA DRUŻYNA POD CZAS MŚ2018 POKONAŁA SENSACYJNIE HISZPANIĘ ROSJA
66%
KTO JEST MISTRZEM EUROPY PORTUGALIA
55%
KTÓRY Z TYCH KLUBÓW JEST NAJBARDZIEJ UTYTUŁOWANY [ MISTRZOSTWA KRAJU] WISŁA KRAKÓW
15%
ILU POLAKÓW GRAŁO W ATLETICO MADRYT I REALU MADRYT 3
12%
KTÓRY KLUB PRZEROWADZIŁ DUŻĄ REWOLUCJĘ W SWOIM KLUBIE W LETNIM OKIENKU TRANSFEROWYM ATLETICO MADRYT
7%
Nie znaleziono quizów pasujących do podanych kryteriów
Rozkład punktacji
Procent ludzi z każdym wynikiem
Percentyl według liczby udzielonych odpowiedzi
Twoja historia wyników
Nie rozwiązałeś tego quizu